SATUDY on seedlings production project at kraingyov (samdach hun sen development center), សិក្សាគំរោងបណ្ដុះកូនឈើនៅស្ថានីយ៍អភិវឌ្ឍន៍ក្រាំងយ៉ូវ សម្ដេច ហ៊ុន សែន (Record no. 3119)

000 -LEADER
fixed length control field 00645nam a22001577a 4500
003 - CONTROL NUMBER IDENTIFIER
control field OSt
005 - DATE AND TIME OF LATEST TRANSACTION
control field 20151104143416.0
008 - FIXED-LENGTH DATA ELEMENTS--GENERAL INFORMATION
fixed length control field 151104b xxu||||| |||| 00| 0 eng d
040 ## - CATALOGING SOURCE
Transcribing agency RUA
082 ## - DEWEY DECIMAL CLASSIFICATION NUMBER
Classification number FOR MEY 1996 B123 Or.1
100 ## - MAIN ENTRY--PERSONAL NAME
9 (RLIN) 3344
Personal name MEY, MENGLIM.
245 ## - TITLE STATEMENT
Title SATUDY on seedlings production project at kraingyov (samdach hun sen development center), សិក្សាគំរោងបណ្ដុះកូនឈើនៅស្ថានីយ៍អភិវឌ្ឍន៍ក្រាំងយ៉ូវ សម្ដេច ហ៊ុន សែន
260 ## - PUBLICATION, DISTRIBUTION, ETC. (IMPRINT)
Place of publication, distribution, etc. Phnom Penh
Name of publisher, distributor, etc. RUA
Date of publication, distribution, etc. 1996
300 ## - PHYSICAL DESCRIPTION
Extent 78p.
Other physical details ill.
Dimensions 29cm.
942 ## - ADDED ENTRY ELEMENTS (KOHA)
Source of classification or shelving scheme
Koha item type FOR
Holdings
Price effective from Date last seen Permanent Location Not for loan Date acquired Source of classification or shelving scheme Koha item type Barcode Lost status Damaged status Shelving location Withdrawn status Current Location Full call number
2015-11-042015-11-04Library Block B 2015-11-04 FORRUA028319  B123 Library Block BFOR MEY 1996 B123 Or.1
2015-11-042015-11-04Library Block B 2015-11-04 FORRUA028139  B123 Library Block BFOR MEY 1996 B123 Or.2
2015-11-042015-11-04Library Block B 2015-11-04 FORRUA028177  B123 Library Block BFOR MEY 1996 B123 Or.3
2015-11-042015-11-04Library Block B 2015-11-04 FORRUA028175  B123 Library Block BFOR MEY 1996 B123 Or.4
មជ្ឈមណ្ឌលឯការនៃសាកលវិទ្យាល័យភូមិន្ទកសិកម្មចំការដូង

Powered by Koha